Normal view
MARC view
- Royal Institution of Chartered Surveyors
Entry Corporate Name
Number of records used in: 103
001 - CONTROL NUMBER
- control field: 4679
003 - CONTROL NUMBER IDENTIFIER
- control field: OSt
005 - DATE AND TIME OF LATEST TRANSACTION
- control field: 20190806150235.0
008 - FIXED-LENGTH DATA ELEMENTS
- fixed length control field: 050304 a
040 ## - CATALOGING SOURCE
- Original cataloging agency: OSt
- Transcribing agency: OSt
110 ## - HEADING--CORPORATE NAME
- Corporate name or jurisdiction name as entry element: Royal Institution of Chartered Surveyors
- Subordinate unit: Public Affairs
410 ## - SEE FROM TRACING--CORPORATE NAME
- Corporate name or jurisdiction name as entry element: RICS
- Subordinate unit: Public Affairs
410 ## - SEE FROM TRACING--CORPORATE NAME
- Corporate name or jurisdiction name as entry element: RICS Public Affairs
410 ## - SEE FROM TRACING--CORPORATE NAME
- Corporate name or jurisdiction name as entry element: Public Affairs